000 00422nam a2200157 i 4500
001 bg
100 1 _aIZUMOV, Urij. A.
245 0 _aPolevye matody v teorii ferromagnetizma /
_cJu.A. Izjumov, F.A. Kassan-Ogly, Ju.N. Skrjabin.
260 _aMoskva,
_c1974.
700 1 _aKASSAN-OGLY, F. A.
700 1 _aSKRJABIN, Ju. N.
040 _cBPK
041 _apol
942 _cKS
008 s pl f |000 0 pol
999 _c26512
_d26512
856 _uhttp://koha.tu.koszalin.pl/cgi-bin/koha/opac-detail.pl?biblionumber=26512
_yKatalog online BPK